| 000 | 00454nam a2200157Ia 4500 | ||
|---|---|---|---|
| 008 | 181023s9999 xx 000 0 und d | ||
| 020 | _a9781138125223 | ||
| 100 | _aDaniels, Harry. | ||
| 245 |
_cHarry Daniels.-- _aIntroduction to Vygotsky / |
||
| 250 | _a3rd ed | ||
| 260 |
_aNew York : _bRoutledge _c2017 |
||
| 300 | _aix, 294 pages. | ||
| 500 | _aIncludes indexes. | ||
| 650 | _aPsychology. | ||
| 650 | _aVygotsky, L. S. (Lev Semenovich), 1896-1934. | ||
| 999 |
_c359300 _d359300 |
||